Statistics for Year to Event

Click here to take the quiz!

General Stats

  • This quiz has been taken 25 times
    (15 since last reset)
  • The average score is 22 of 28

Answer Stats

HintAnswer% Correct
WW11914
100%
Bombing of Hiroshima1945
100%
Russo - Ukrainian War2022
100%
Columbus "discovers" America1492
93%
French Revolution1789
93%
WW21939
93%
Korean War1953
93%
First Moon Landing1969
93%
9/11 Attacks2001
93%
American Revolution1776
86%
Fall of the Berlin Wall1989
86%
Czechoslovakia splits1993
79%
South Sudan becomes Independent2011
79%
Rome becomes an Empire27 BCE
79%
Fall of the Roman Empire476
79%
4th Crusade1204
71%
Fall of Constantinople1453
71%
Congress of Vienna1815
71%
American Civil War1861
71%
First Modern Olympics in Athens1896
71%
Gallipoli1915
71%
Fall of the USSR1990
64%
Death of Alexander the Great323 BCE
64%
Charlemagne crowned King of Rome800
64%
Franco - Prussian War1871
57%
Peloponnesian War431 BCE
57%
Acts of Union1707
50%
Spanish - American War1898
36%

Score Distribution

Percentile by Number Answered

Percent of People with Each Score

Your Score History

You have not taken this quiz since the last reset